Definitions and Principles
Definícia špeciálnych potrieb. Stanovenie vhodných úprav a podporných služieb pre študentov so špeciálnymi potrebami. Sociálna a finančná podpora daných študentov. Právo na vzdelanie bez diskriminácie. Edukačné stratégie a odporúčania.
Salvato in:
| Autore principale: | |
|---|---|
| Natura: | Capitolo di libro |
| Lingua: | inglese |
| Soggetti: | |
| Tags: |
Nessun Tag, puoi essere il primo ad aggiungerne!!
|
MARC
| LEADER | 00000naa$a2200000$$$4500 | ||
|---|---|---|---|
| 001 | 0288287 | ||
| 005 | 20240502083921.2 | ||
| 041 | 0 | |a eng | |
| 044 | |a IT | ||
| 245 | 1 | 0 | |a Definitions and Principles |c Ivana Lennerová |
| 520 | |a Definícia špeciálnych potrieb. Stanovenie vhodných úprav a podporných služieb pre študentov so špeciálnymi potrebami. Sociálna a finančná podpora daných študentov. Právo na vzdelanie bez diskriminácie. Edukačné stratégie a odporúčania. | ||
| 610 | 2 | 0 | |a vzdelávanie |
| 610 | 2 | 0 | |a vzdelávanie elektronické |
| 610 | 2 | 0 | |a digitalizácia |
| 610 | 2 | 0 | |a technológie finančné |
| 610 | 2 | 0 | |a technológie informačné |
| 610 | 2 | 0 | |a technológie nové |
| 610 | 2 | 0 | |a osoby zdravotne postihnuté |
| 610 | 2 | 0 | |a začlenenie sociálne |
| 100 | 1 | |a Lennerová, Ivana, 1979- | |